000
00288nam a2200109Ia 4500
008
260210s9999 xx 000 0 und d
020
_a
9788957707708
100
_a
Archiworld
245
0
_a
Detail Plus Interior+Architecture, Vol. Vi (Price Printed)
260
_b
Archiworld
942
_c
BDES
999
_c
14092
_d
14092